000 00466nam a2200169 i 4500
001 32714
003 ES-MaACL
005 20230906154625.0
007 t|
008 030203s1980 sp ||||1| spa d
100 1 _aBertier de Sauvigny, G. de.
_928459
245 1 3 _aLa Restauración /
_cG. de Bertier de Sauvigny.
250 _a[3ª ed.].
260 _a[S.l.] :
_bPegaso,
_c[1980] (
_eMadrid)
300 _a637 p. ;
_c21 cm.
852 _aES-MaACL
_jL-1335
_bR.101500
999 _c32714
_d32714